000
00229nam a22000857a 4500
008
160805b xxu||||| |||| 00| 0 eng d
100
_9
45
_a
Yash Pal
245
_a
Secondary Biology for us-IX
260
_a
New Delhi
_b
Arya Publication
_c
2008
999
_c
2697
_d
2697